000 00475nam a2200157 4500
001 112727
003 ES-MaACL
005 20230906185615.0
007 t|
008 061121s1961 sp r ||||1| spa d
100 1 _aNovo López, José E.
_986089
245 1 0 _aBreve manual práctico sobre fracturas, luxaciones y contusiones /
_cDr. José E. Novo López.
260 _aLugo :
_bCelta,
_c1961.
300 _a166 p. :
_bil. ;
_c21 cm.
852 _aES-MaACL
_jC-20519
_bR.48686
999 _c112727
_d112727